| 000 | 00346nam a2200121 4500 | ||
|---|---|---|---|
| 008 | 241202b |||||||| |||| 00| 0 eng d | ||
| 022 | _a0976-0016 | ||
| 245 |
_aApollo Medicine _cedited by raju vaishya |
||
| 260 |
_aNew Delhi _bSage publication _c2024 |
||
| 300 | _aVol.21, issue no.3 | ||
| 310 |
_aquarterly _b1 sept. 2024 |
||
| 942 |
_2ddc _cSR _mAPO |
||
| 999 |
_c207274 _d207274 |
||